000
00356nam a2200145Ia 4500
001
14155
005
20250626030244.0
008
211022s9999 xx 000 0 und d
020
_a
9780670086917
082
_a
891.43937 FAR
100
_a
Fārūqī, Shamsurraḥmān,
245
4
_a
The sun that rose from the earth =
300
_a
609 pages ;
942
_c
BK
999
_c
9078
_d
9078